Capitals with letter E as Second Letter - Statistics

General Stats
  • This quiz has been taken 230 times
    225 since last reset
  • The average score is 13 of 17
Answer Stats
Capital % Correct
Berlin
87%
Helsinki
87%
Tehran
83%
New Delhi
81%
Bern
80%
Beijing
78%
Belgrade
78%
Wellington
76%
Jerusalem
74%
Belmopan
73%
Reykjavík
69%
Seoul
69%
Beirut
68%
Mexico City
67%
Yerevan
66%
Georgetown
60%
Tegucigalpa
56%
No matching quizzes found
Score Distribution
Percent of People with Each Score
Percentile by Number Answered
Your Score History
You have not taken this quiz since the last reset